Music Quiz

Random Music or Blitz Quiz

Blitz: Name a #1 Song by... Quiz Stats

 Plays Quiz Updated Oct 30, 2018

Also try: Blitz: Name A...
Challenge
Share
Tweet
Embed
Score 0/30 Timer 05:00
4 Plays Today
Name a #1 Song by... Songs % Correct
Lady Gaga (3)Poker Face, Just Dance, Born This Way
71%
Adele (4)Set Fire to the Rain, Someone Like You, Rolling in the Deep, Hello
70.3%
OutKast (3)Hey Ya!, Ms. Jackson, The Way You Move
64.8%
Simon and Garfunkel (3)Bridge Over Troubled Water, Mrs. Robinson, the Sounds of Silence
60.3%
The Monkees (3)Daydream Believer, I'm a Believer, Last Train to Clarksville
51.1%
50 Cent (3)In Da Club, 21 Questions, Candy Shop
50.9%
The Doors (2)Light My Fire, Hello I Love You
47.5%
Fergie (3)Big Girls Don't Cry, Glamorous, London Bridge
44.2%
Steve Miller Band (3)Abracadabra, Rock 'n Me, the Joker
42.2%
Barry Manilow (3)I Write the Songs, Looks Like We Made It, Mandy
41.6%
Flo Rida (3)Low, Right Round, Whistle
41.5%
The Black Eyed Peas (3)Boom Boom Pow, I Gotta Feeling, Imma Be
38.3%
Ray Charles (3)Hit the Road Jack, Georgia on My Mind, I Can't Stop Loving You
36.5%
The Human League (2)Don't You Want Me, Human
35.5%
Maroon 5 (3)Makes Me Wonder, Moves Like Jagger, One More Night
35.3%
Name a #1 Song by... Songs % Correct
Billy Joel (3)We Didn't Start the Fire, Its Still Rock and Roll to Me, Tell Her About It
34.7%
Three Dog Night (3)Black & White, Joy to the World, Mama Told Me Not to Come
33.6%
The Byrds (2)Mr. Tambourine Man, Turn Turn Turn
31.3%
Kelly Clarkson (3)A Moment Like This, Stronger (What Doesn't Kill You), My Life Would Suck Without You
31.1%
David Bowie (2)Fame, Let's Dance
31.1%
George Harrison (3)Give Me Love (Give Me Peace On Earth), Got My Mind Set on You, My Sweet Lord
30.1%
The Guess Who (2)American Woman, No Sugar Tonight
29.8%
Huey Lewis & the News (3)Jacob's Ladder, Power of Love, Stuck With You
28.4%
Kenny Rogers (2)Islands in the Stream, Lady
26.2%
Carpenters (3)(They Long to Be) Close to You, Please Mr. Postman, Top of the World
25.1%
Billy Ocean (3)Caribbean Queen (No More Love On the Run), There'll Be No More Songs to Make You Cry, Get Outta My Dreams Get Into My Car
20.5%
Roberta Flack (3)Feel Like Makin' Love, The First Time I Ever Saw Your Face, Killing Me Softly With His Song
18.4%
Duran Duran (2)The Reflex, A View to Kill
18.4%
Sly & the Family Stone (3)Everyday People, Family Affair, Thank You (Falettinme Be Mice Elf Agin)
17.3%
Chicago (3)Hard to Say I'm Sorry, If You Leave Me Now, Look Away
14.3%

You're not logged in!

Compare scores with friends on all Sporcle quizzes.
OR
Log In

You Might Also Like...

Show Comments

Extras

Top Quizzes Today


Score Distribution

Your Account Isn't Verified!

In order to create a playlist on Sporcle, you need to verify the email address you used during registration. Go to your Sporcle Settings to finish the process.

Report this User

Report this user for behavior that violates our Community Guidelines.

Details: